000 00916nam a22002177a 4500
003 OSt
005 20170608093113.0
008 150408b xxu||||| |||| 00| 0 eng d
040 _cBMC
082 _a729
100 1 _940274
_aDíaz Acosta, Benjamín Alcides
245 1 0 _aPasantía en Góchez-Mancía Arquitectura y Soluciones
_b: Informe final
_cBenjamín Alcides Díaz Acosta
260 _aSanta Ana (El Salvador)
_bUniversidad Católica de El Salvador
_c2016
300 _a122 p.
_bplanos
_c28 cm
_e+ 1 disco compacto
500 _aPrecede al tít.: Universidad Católica de El Salvador, Facultad de Ingeniería y Arquitectura
500 _aPeríodo de realización: de febrero a agosto del 2016
502 _aPara optar al título de Arquitecto
650 2 4 _98925
_aArquitectura
_xDetalles
710 2 _91166
_aUniversidad Católica de El Salvador
_bFacultad de Ingeniería y Arquitectura
942 _2ddc
_cTG
999 _c26366
_d26366